000 00697nam a2200181Ia 4500
008 151202s9999||||xx |||||||||||||| ||und||
082 _bPNVM-34703
100 _aकेळकर मामा.
245 _aअभंगाची गाथा अर्थात अमृतवाणी.
260 _b"गोविंद केळकर,सांगली."
260 _c0
300 _a314
600 _aकेळकर मामा.
630 _aअभंगाची गाथा अर्थात अमृतवाणी.
700 _aकेळकर मामा.
730 _aअभंगाची गाथा अर्थात अमृतवाणी.
942 _cBOOK
999 _c1300659
_d1300656